La cesión de créditos y las cláusulas de mejores esfuerzos en el derecho comparado (Registro nro. 159369)
[ vista simple ]
| 000 -LEADER | |
|---|---|
| fixed length control field | 01300ny a22003013n 4500 |
| 008 - FIXED-LENGTH DATA ELEMENTS--GENERAL INFORMATION | |
| fixed length control field | 091008s2006 ck 000 0 spa d |
| 020 ## - INTERNATIONAL STANDARD BOOK NUMBER | |
| International Standard Book Number | 9789588298313 |
| 035 ## - | |
| -- | 2757 |
| 040 ## - CATALOGING SOURCE | |
| Original cataloging agency | UMA.DER |
| Modifying agency | vLex |
| 080 ## - | |
| -- | 338.2(861) |
| 080 ## - | |
| -- | 339.5(861) |
| 090 ## - | |
| -- | 855 |
| -- | 855 |
| 100 1# - MAIN ENTRY--PERSONAL NAME | |
| Personal name | Acevedo Rehbein, Alberto |
| 245 13 - TITLE STATEMENT | |
| Title | La cesión de créditos y las cláusulas de mejores esfuerzos en el derecho comparado |
| Medium | [Recurso electrónico] |
| Statement of responsibility, etc | Alberto Acevedo Rehbein |
| 256 ## - | |
| -- | Servicio en línea |
| 260 ## - PUBLICATION, DISTRIBUTION, ETC. (IMPRINT) | |
| Place of publication, distribution, etc | Bogotá: |
| Name of publisher, distributor, etc | Editorial Universidad del Rosario, |
| Date of publication, distribution, etc | 2006 |
| 300 ## - PHYSICAL DESCRIPTION | |
| Extent | 91 p. ; |
| Dimensions | 25 cm |
| 490 1# - SERIES STATEMENT | |
| Series statement | Colección Textos de jurisprudencia |
| 504 ## - BIBLIOGRAPHY, ETC. NOTE | |
| Bibliography, etc | Bibliografía |
| 506 1# - RESTRICTIONS ON ACCESS NOTE | |
| Terms governing access | Contenido solo disponible en los productos indicados |
| Authorized users | vLex Global |
| -- | vLex Global (Academic Edition, excluding Law Schools) |
| -- | vLex Global (U.S. Academic Edition, Law Schools) |
| -- | vLex Global (U.S. Academic Edition, excluding Law Schools) |
| -- | vLex Global (Academic Edition, Law Schools) |
| 650 04 - SUBJECT ADDED ENTRY--TOPICAL TERM | |
| Topical term or geographic name as entry element | Comercio exterior |
| Geographic subdivision | Colombia |
| 651 #4 - SUBJECT ADDED ENTRY--GEOGRAPHIC NAME | |
| Geographic name | Colombia |
| General subdivision | Política económica |
| 740 0# - | |
| -- | vLex Libros (Servicios en línea) |
| 810 2# - | |
| -- | Universidad del Rosario (Colombia). |
| -- | Colección Textos de jurisprudencia |
| 856 40 - LOCALIZACIÓN Y ACCESO ELECTRÓNICO | |
| Identificador Uniforme del Recurso (URI/URL) | https://app.vlex.com/#/sources/2757 |
| 942 ## - | |
| -- | RAA |
| 999 ## - | |
| -- | 159369 |
| -- | 159369 |
No hay ítems disponibles.